Normal view
MARC view
Entry Personal Name
001 - CONTROL NUMBER
- control field: 28334
003 - CONTROL NUMBER IDENTIFIER
- control field: OSt
005 - DATE AND TIME OF LATEST TRANSACTION
- control field: 20211028151338.0
008 - FIXED-LENGTH DATA ELEMENTS
- fixed length control field: 211028|| aca||aabn | a|a d
040 ## - CATALOGING SOURCE
- Original cataloging agency: OSt
- Transcribing agency: OSt
100 ## - HEADING--PERSONAL NAME
- Personal name: Auer, R., Burstein, A. and Lein, S.M.
670 ## - SOURCE DATA FOUND
- Source citation: Work cat.: (OSt)517955: Auer, R., Burstein, A. and Lein, S.M., Exchange rates and prices: Evidence from the 2015 Swiss franc appreciation
